01557nam0a22002531 4500001001500000005001700015035002600032100004100058101000800099102000700107105001800114200025700132210006500389215002200454225005600476311013200532422018200664423030800846700006601154801001801220801002201238801002701260852001601287v19\rc\187058520251118180235.5 a(NLR Aleph) 004961896 a20080221d1910 u y0rusy50 ca0 arus aRU aa z |||||1 aЧто и когда нужно делать в саду, на огороде, в теплице, в парниках, в комнатах, в лесуeПодроб. календарь работ по временам годаfП.В. Горский aСанкт-ПетербургcП.П. Сойкинd[1910] a95 с.cил.d211 aСадовая библиотекаvВып. 5 и 6 aБеспл. прил. к журн. "Прогрессив. садоводство и огородничество" за 1910 г. 012001#$aПрогрессивное садоводство и огородничество$v1910tПрогрессивное садоводство и огородничество 011010#$arus12001#$aКак самому устроить комнатную тепличку с отоплением$fН.А. Пономарев1700#1$aПономарев$bН.А.tКак самому устроить комнатную тепличку с отоплениемaПономарев, Н.А. 1aГорскийbП.В.gПавел Владимирович 0aRUbNLRgpsbo 0aRUbRuMoRGB2psbo 1aRUbProSoft-M2rusmarc aNLRj45/347